[Event "NOR-chT West 1Div Nord 1011"]
[Site "Norway"]
[Date "2010.12.05"]
[Round "2"]
[White "Andersen, Jonathan Mjelde"]
[Black "Bomark, Nils Erik"]
[Result "0-1"]
[WhiteElo "1605"]
[BlackElo "1931"]
[PlyCount "52"]
[EventDate "2010.11.06"]
[EventType "team"]
[EventRounds "5"]
[EventCountry "NOR"]
[SourceTitle "EXT 2015"]
[Source "ChessBase"]
[SourceDate "2014.11.20"]
[SourceVersion "1"]
[SourceVersionDate "2014.11.20"]
[SourceQuality "1"]

1. e4 c5 2. Nf3 Nc6 3. d4 cxd4 4. Nxd4 Nf6 5. Nc3 d6 6. Bc4 Bd7 7. h3 a6 8. Be3 e6 9. Bb3 b5 10. a3 Rc8 11. g4 h6 12. f4 Qa5 13. 0-0 Qc7 14. g5 hxg5 15. fxg5 d5 16. Bf4 Bd6 17. Ncxb5 axb5 18. gxf6 Bxf4 19. Nxc6 Bxc6 20. Qg4 Be3+ 21. Kg2 Qe5 22. Rae1 d4 23. Kf3 Bxe4+ 24. Ke2 gxf6 25. Qg7 Qh2+ 26. Kd1 Qd2# 0-1

[Event "Bergen Grand Prix"]
[Site "Bergen"]
[Date "2010.11.28"]
[Round "4"]
[White "Bomark, Nils Erik"]
[Black "Stokke, Kjetil"]
[Result "0-1"]
[WhiteElo "1893"]
[BlackElo "2396"]
[PlyCount "90"]
[EventDate "2010.11.26"]
[EventType "swiss"]
[EventRounds "5"]
[EventCountry "NOR"]
[SourceTitle "EXT 2024"]
[Source "ChessBase"]
[SourceDate "2023.10.10"]
[SourceVersion "1"]
[SourceVersionDate "2023.10.10"]
[SourceQuality "1"]

1. e4 c5 2. Nf3 g6 3. d4 cxd4 4. Qxd4 Nf6 5. Nc3 Nc6 6. Qd1 Bg7 7. Bc4 0-0 8. 0-0 d6 9. Re1 Bg4 10. h3 Bxf3 11. Qxf3 Ne5 12. Qe2 Nxc4 13. Qxc4 Qa5 14. Bd2 Rac8 15. Qb3 Qa6 16. Rad1 Rc7 17. Nd5 Nxd5 18. exd5 Bf6 19. Be3 Qc4 20. c3 a5 21. Bb6 a4 22. Qc2 Rcc8 23. Re4 Qxa2 24. Bd4 b5 25. Bxf6 exf6 26. Rb4 Rc5 27. Qd3 a3 28. bxa3 Qxa3 29. Rxb5 Rxc3 30. Qd4 Kg7 31. Rb7 Rfc8 32. Qf4 Rd8 33. Qb4 Qxb4 34. Rxb4 f5 35. Rb7 Rc5 36. Ra7 h5 37. Rd4 Kf6 38. f4 Rb8 39. Ra6 Ke7 40. Ra7+ Kf8 41. Kh2 Rb2 42. Kg3 Rc3+ 43. Kh4 Rxg2 44. Rb4 Rf3 45. Rd7 Kg7 0-1

[Event "Bergen Grand Prix"]
[Site "Bergen"]
[Date "2010.11.28"]
[Round "5"]
[White "Time, Jonathan"]
[Black "Bomark, Nils Erik"]
[Result "0-1"]
[WhiteElo "1639"]
[BlackElo "1893"]
[PlyCount "36"]
[EventDate "2010.11.26"]
[EventType "swiss"]
[EventRounds "5"]
[EventCountry "NOR"]
[SourceTitle "EXT 2024"]
[Source "ChessBase"]
[SourceDate "2023.10.10"]
[SourceVersion "1"]
[SourceVersionDate "2023.10.10"]
[SourceQuality "1"]

1. d4 d5 2. c4 dxc4 3. e4 e5 4. Nf3 exd4 5. Bxc4 Bb4+ 6. Bd2 Bxd2+ 7. Nbxd2 Nc6 8. 0-0 Nge7 9. Ng5 Ne5 10. Qh5 N7g6 11. h3 Qe7 12. Nxh7 Nxc4 13. Nxc4 Be6 14. Rac1 0-0-0 15. f4 Kb8 16. f5 Bxc4 17. Rxc4 Nf8 18. f6 gxf6 0-1

[Event "Bergen Grand Prix"]
[Site "Bergen"]
[Date "2010.11.27"]
[Round "3"]
[White "Strand, Oyvin"]
[Black "Bomark, Nils Erik"]
[Result "0-1"]
[WhiteElo "1878"]
[BlackElo "1893"]
[PlyCount "80"]
[EventDate "2010.11.26"]
[EventType "swiss"]
[EventRounds "5"]
[EventCountry "NOR"]
[SourceTitle "EXT 2024"]
[Source "ChessBase"]
[SourceDate "2023.10.10"]
[SourceVersion "1"]
[SourceVersionDate "2023.10.10"]
[SourceQuality "1"]

1. d4 d5 2. e3 Nf6 3. Bd3 c5 4. c3 Nc6 5. f4 Bg4 6. Nf3 e6 7. 0-0 Bd6 8. Qe1 Qc7 9. Ne5 Bh5 10. Nd2 Bg6 11. Qe2 0-0-0 12. Nxc6 Qxc6 13. dxc5 Bxc5 14. b4 Bb6 15. Bb2 Bxd3 16. Qxd3 Ng4 17. Rae1 e5 18. fxe5 Nxe5 19. Qf5+ Qe6 20. Qxe6+ fxe6 21. Bc1 Nd3 22. Re2 Rhf8 23. Rxf8 Rxf8 24. Nb3 e5 25. Bd2 Kd7 26. a4 a6 27. a5 Ba7 28. Nc1 Nxc1 29. Bxc1 Kc6 30. Rf2 Rxf2 31. Kxf2 Kb5 32. Ke2 d4 33. exd4 exd4 34. Kd3 dxc3 35. Kxc3 Bb8 36. Bd2 Bxh2 37. Kb3 Bd6 38. Bc3 Bf8 39. g4 g6 40. Bd2 h5 0-1

[Event "Bergen Grand Prix"]
[Site "Bergen"]
[Date "2010.11.26"]
[Round "1"]
[White "Satre, Mathias"]
[Black "Bomark, Nils Erik"]
[Result "0-1"]
[WhiteElo "1488"]
[BlackElo "1893"]
[PlyCount "122"]
[EventDate "2010.11.26"]
[EventType "swiss"]
[EventRounds "5"]
[EventCountry "NOR"]
[SourceTitle "EXT 2024"]
[Source "ChessBase"]
[SourceDate "2023.10.10"]
[SourceVersion "1"]
[SourceVersionDate "2023.10.10"]
[SourceQuality "1"]

1. e4 c5 2. Nc3 Nc6 3. g3 g6 4. Bg2 Bg7 5. d3 d6 6. Be3 e5 7. f4 Nge7 8. Nf3 Nd4 9. Ne2 Nxe2 10. Qxe2 exf4 11. Bxf4 Bxb2 12. Rb1 Bc3+ 13. Nd2 Nc6 14. e5 0-0 15. 0-0 dxe5 16. Be3 Nd4 17. Qd1 Rb8 18. Ne4 Ba5 19. Nxc5 Bb6 20. Ne4 Nf5 21. Bxb6 axb6 22. Qd2 Qd4+ 23. Kh1 Kg7 24. Rbe1 Ra8 25. c3 Qd8 26. Rf2 f6 27. Ref1 Be6 28. c4 Qd4 29. Nc3 Ne3 30. Nb5 Qc5 31. Re1 Nxg2 32. Kxg2 Bd7 33. Nc3 Bc6+ 34. Kg1 Rfd8 35. Qe2 Ra3 36. Ne4 Bxe4 37. Qxe4 Rxa2 38. Qxb7+ Kh6 39. Qf3 Qxf2+ 40. Qxf2 Rxf2 41. Kxf2 Rxd3 42. Rb1 Rd6 43. Ke3 Kg5 44. Rb4 f5 45. h3 h6 46. Rb5 e4 47. Rb3 Rd3+ 48. Rxd3 exd3 49. Kxd3 f4 50. gxf4+ Kxf4 51. Kd4 Kg3 52. Kd5 Kxh3 53. Kc6 g5 54. Kxb6 g4 55. c5 g3 56. c6 g2 57. c7 g1Q+ 58. Kb7 Qb1+ 59. Ka8 Qc2 60. Kb8 Kg4 61. c8Q+ Qxc8+ 0-1

[Event "Bergen Hordaland op"]
[Site "Bergen"]
[Date "2008.04.06"]
[Round "5"]
[White "Nilsen, Joachim Birger"]
[Black "Bomark, Nils Erik"]
[Result "1/2-1/2"]
[WhiteElo "1976"]
[BlackElo "2062"]
[PlyCount "37"]
[EventDate "2008.04.04"]
[EventType "swiss"]
[EventRounds "5"]
[EventCountry "NOR"]
[SourceTitle "EXT 2010"]
[Source "ChessBase"]
[SourceDate "2010.11.25"]
[SourceVersion "1"]
[SourceVersionDate "2010.11.25"]
[SourceQuality "1"]

1. Nf3 c5 2. c4 Nc6 3. g3 g6 4. Bg2 Bg7 5. 0-0 e6 6. Nc3 Nge7 7. a3 0-0 8. Rb1 a5 9. d3 d5 10. cxd5 exd5 11. Bg5 h6 12. Bxe7 Nxe7 13. d4 Bf5 14. Rc1 c4 15. b3 Rc8 16. bxc4 Rxc4 17. Qb3 Rc7 18. Rfd1 Qc8 19. Qb2 1/2-1/2